NEGOTIATING THE NONNEGOTIABLE HOW TO RES (Record no. 31201)
[ view plain ]
| 000 -LEADER | |
|---|---|
| fixed length control field | 00344nam a2200133Ia 4500 |
| 008 - FIXED-LENGTH DATA ELEMENTS--GENERAL INFORMATION | |
| fixed length control field | 240624s9999 xx 000 0 und d |
| 041 ## - LANGUAGE CODE | |
| Language code of text/sound track or separate title | eng |
| 082 ## - DEWEY DECIMAL CLASSIFICATION NUMBER | |
| Classification number | 658.4052 SHA |
| 100 ## - MAIN ENTRY--PERSONAL NAME | |
| Personal name | SHAPIRO DANIEL |
| 245 ## - TITLE STATEMENT | |
| Title | NEGOTIATING THE NONNEGOTIABLE HOW TO RES |
| 260 ## - PUBLICATION, DISTRIBUTION, ETC. | |
| Date of publication, distribution, etc. | 2016 |
| Place of publication, distribution, etc. | New York |
| Name of publisher, distributor, etc. | Viking |
| 300 ## - PHYSICAL DESCRIPTION | |
| Extent | xvi, 319 p.; 23 cm. |
| 365 ## - TRADE PRICE | |
| Currency code | RS |
| Price amount | 38 |
| Withdrawn status | Lost status | Damaged status | Not for loan | Home library | Current library | Shelving location | Date acquired | Total Checkouts | Full call number | Barcode | Date last seen | Date last checked out | Copy number | Price effective from | Koha item type |
|---|---|---|---|---|---|---|---|---|---|---|---|---|---|---|---|
| IMTN | IMTN | Rack 31-A | 09/06/2018 | 2 | 658.4052 SHA | 31201 | 01/16/2025 | 01/06/2025 | 1 | 06/24/2024 | Books |